| 000 | 00840nac a22002897a 4500 | ||
|---|---|---|---|
| 001 | BR9511138 | ||
| 003 | BR-BrBNA | ||
| 005 | 20240105121705.0 | ||
| 008 | 230509b bl.|||m| |||| 00| 0 por d | ||
| 040 |
_aBR-BrBNA _bpor _cBiblioteca Nacional de Agricultura |
||
| 072 | _aH10 | ||
| 090 | _a2120 BR9511138 | ||
| 110 | 1 |
_aInstituto Brasileiro do Cafe, Rio de Janeiro, RJ (Brasil) _95880 |
|
| 245 | 1 | _aPragas do cafeeiro | |
| 250 | 1 | _a4. ed. | |
| 260 | 3 |
_aRio de Janeiro, RJ (Brasil): _c1981. |
|
| 300 | _a55 p. | ||
| 490 |
_aInstrucoes Tecnicas sobre a Cultura de Cafe no Brasil (Brazil) _vno. 8 _x |
||
| 500 | _a24 ref.; 34 illus. | ||
| 650 | _aCafe | ||
| 650 | _aAcaro | ||
| 650 | _aInseto | ||
| 650 | _aNematoide | ||
| 650 | _aControle Quimico | ||
| 909 |
_a202312 _bLúcia Elande _c55 _dLúcia Elande |
||
| 942 |
_2AGRIS _n0 _cMS |
||
| 999 |
_c286827 _d286827 |
||